Vyhodnocovanie výnosnosti termínovaných vkladov bakalárska práca

Enregistré dans:
Détails bibliographiques
Auteur principal: Benčat, Peter
Collectivité auteur: Fakulta hospodárskej informatiky EU. Katedra matematiky
Autres auteurs: Pinda, Ľudovít, 1958-
Format: Livre
Langue:slovaque
Publié: Bratislava 2009
Tags: Ajouter un tag
Pas de tags, Soyez le premier à ajouter un tag!

MARC

LEADER 00000nam$a2200000$$$4500
001 0103703
005 20240318135755.8
041 0 |a slo 
044 |a SK 
245 1 0 |a Vyhodnocovanie výnosnosti termínovaných vkladov  |b bakalárska práca  |c Peter Benčat ; škol. Ľudovít Pinda 
264 1 |a Bratislava  |c 2009 
300 |a 39 s. 
100 1 |a Benčat, Peter 
700 1 |a Pinda, Ľudovít, 1958- 
710 2 |a Fakulta hospodárskej informatiky EU. Katedra matematiky